000 00737cam a2200193 i 4500
005 20251211122144.0
008 250721s2014 jo gr 000 0 ara d
082 1 4 _a216.396
_bق ع د
100 1 _aقعدان، احمد محمود اسماعيل
_eمؤلف.
245 1 0 _aأحكام اللقطة و اللقيط في الفقه الإسلامي /
_cالدكتور أحمد محمود اسماعيل قعدان.
250 _aالطبعة الاولى.
264 3 1 _aعمان :
_bدار الفنائس للنشر و التوزيع،
_c2014.
300 _a240 صفحة.
650 1 7 _aالفقه الاسلامي.
650 1 7 _aحقوق الاطفال.
653 _aاللقيط
942 _2ddc
_cBK
999 _c129300
_d129300